header

For the birds (Record no. 133487)

MARC details
000 -LEADER
fixed length control field 01261nam a2200337Ia 4500
082 04 - DEWEY DECIMAL CLASSIFICATION NUMBER
Classification number 598
100 1# - MAIN ENTRY--AUTHOR NAME
Personal name Erickson, Laura,
245 10 - TITLE STATEMENT
Title For the birds
260 ## - PUBLICATION, DISTRIBUTION, ETC. (IMPRINT)
Place of publication Duluth, Minn. :
Name of publisher Pfeifer-Hamilton,
Year of publication c1994.
300 ## - PHYSICAL DESCRIPTION
Number of Pages 1 v. (unpaged) :
Other physical details ill.
490 1# - SERIES STATEMENT
Series statement Appointment with nature
500 ## - GENERAL NOTE
General note Includes index.
650 #0 - SUBJECT ADDED ENTRY--TOPICAL TERM
Topical Term Birds
Topical Term Bird watching
856 40 - ELECTRONIC LOCATION AND ACCESS
Uniform Resource Identifier http://site.ebrary.com/lib/rucke/Doc?id=10159626

No items available.

© 2026 Rongo University
Contact us: librarian | system librarian | Rongo university